O têpluquê (Registo nº 4007)

Detalhes MARC
000 -Etiqueta do registo
Cabeçalho 01057nam0a2200325 4500
005 - Identificador da versão
Campo de controlo 20240813122050.0
095 ## -
-- PTBN00834180
010 ## - Número internacional normalizado dos livros (ISBN)
Número (ISBN) 9723603551
021 ## - Número do Depósito Legal
Código do país PT
Número 86859/95
100 ## - Dados gerais de processamento
Dados gerais de processamento 20190507d1995 e y0pory5003 ba
102 ## - Pais de publicação ou produção
País de publicação Portugal
101 0# - Língua de publicação
Língua do texto, banda sonora, etc. Português
215 ## - Descrição física 
Indicação específica da natureza do documento e extensão da espécie 59 p.
Outras indicações físicas il. color
200 1# - Titulo e menção de responsabilidade
Título próprio O têpluquê
Informação de outro título e outras histórias
Primeira menção de responsabilidade Manuel António Pina
Outras menções de responsabilidade il. José de Guimarães
225 1# - Colecção 
Título próprio da colecção Tretas & letras
Indicação de volume 26
210 ## - Publicação, Distribuição, etc. 
Lugar da edição, distribuição, etc. Porto
Nome do editor, distribuidor, etc. Afrontamento
Data da publicação, distribuição, etc. cop. 1995
300 ## - Notas gerais 
Texto da nota Metas Curriculares
Texto da nota PNL
314 ## - Notas relativas a responsabilidade intelectual 
Texto da nota José de Guimarães é pseudónimo de José Maria Fernandes Marques
606 ## - Nome comum usado como assunto
Número de registo de entrada de autoridade 0001335
Palavra de ordem Literatura portuguesa
Subdivisão de assunto Conto
Código do sistema CA
Número de registo de entrada de autoridade 0001358
Palavra de ordem Literatura portuguesa
Subdivisão de assunto Poesia
Código do sistema CA
675 ## - Classificação Decimal Universal (CDU)
Notação 821.134.3-34
Edição 3ª ed.
Língua da edição por
Notação 821.134.3-1
Edição 3ª ed.
Língua da edição por
702 #1 - Nome de autor-pessoa física (responsabilidade secundária)
Número de registo de entrada de autoridade 0002126
Palavra de ordem Guimarães
Outra parte do nome não tomada para palavra de ordem José de
Elementos de identificação ou distinção pseud.
Datas 1939-
Código de função Ilustrador / Técnico de desenho computorizado
700 #1 - Nome de autor-pessoa física (responsabilidade principal)
Número de registo de entrada de autoridade 0001394
Palavra de ordem Pina
Outra parte do nome não tomada para palavra de ordem Manuel António
Datas 1943-2012
966 ## - Identificação da Biblioteca
Sigla EBVEN
942 ## - Elementos de entrada adicionados (Koha)
Tipo de item no Koha Livro
Exemplares
Situação do levantamento Origin of item (home branch) (coded) Biblioteca de empréstimo Código de barras Cota Circulation type (not for loan) Tipo de documento Nota do exemplar Damaged status
  Biblioteca Escolar das Vendas Biblioteca Escolar das Vendas BEV413 8POR PIN MET PNL   Livro Sem mensagem